Kurmawali yodha (Record no. 3806)

MARC details
000 -LEADER
fixed length control field 00463cam a2200193ua 4500
001 - CONTROL NUMBER
control field 3986
005 - DATE AND TIME OF LATEST TRANSACTION
control field 20260515113751.0
008 - FIXED-LENGTH DATA ELEMENTS--GENERAL INFORMATION
fixed length control field 111212n ii |||gr||||Z||||||asm
040 ## - CATALOGING SOURCE
Transcribing agency MAIN
082 ## - DEWEY DECIMAL CLASSIFICATION NUMBER
Classification number 782.25
100 1# - MAIN ENTRY--PERSONAL NAME
Personal name Khari, kabi Sagar,
245 11 - TITLE STATEMENT
Title Kurmawali yodha
Statement of responsibility, etc. by Kabi Sagar Khari
250 ## - EDITION STATEMENT
Edition statement 3rd.
260 ## - PUBLICATION, DISTRIBUTION, ETC.
Place of publication, distribution, etc. Guwahati:
Name of publisher, distributor, etc. Dutta baruah & co.,986.
300 ## - PHYSICAL DESCRIPTION
Extent 70p:
Dimensions 23cm.
653 ## - INDEX TERM--UNCONTROLLED
Uncontrolled term Assamese song
653 ## - INDEX TERM--UNCONTROLLED
Uncontrolled term Kurmawali yodha
942 ## - ADDED ENTRY ELEMENTS (KOHA)
Koha item type Books
Holdings
Withdrawn status Lost status Damaged status Not for loan Home library Current library Shelving location Date acquired Total checkouts Full call number Barcode Date last seen Copy number Price effective from Koha item type
        Naharkatiya College Library Naharkatiya College Library General stacks 09/19/2020   782.25 | KHA 8681 09/19/2020 1 09/19/2020 Books